De la sociedad aristrocática a la sociedad industrial en la España del siglo XIX / (Record no. 70393)

MARC details
000 -LEADER
campo de control de longitud fija 00948nam a2200253 i 4500
001 - NÚMERO DE CONTROL
campo de control 70393
003 - IDENTIFICADOR DE NÚMERO DE CONTROL
campo de control ES-MaACL
005 - FECHA Y HORA DE LA ÚLTIMA TRANSACCIÓN
campo de control 20230906170815.0
007 - CAMPO FIJO DE DESCRIPCIÓN FÍSICA--INFORMACIÓN GENERAL
campo de control de longitud fija t|
008 - DATOS DE LONGITUD FIJA--INFORMACIÓN GENERAL
campo de control de longitud fija 040722s1973 sp ||||1| spa d
020 ## - NÚMERO INTERNACIONAL ESTÁNDAR DEL LIBRO
Número Internacional Estándar del Libro 84-229-0157-9
100 1# - ENTRADA PRINCIPAL--NOMBRE DE PERSONA
Nombre de persona García San Miguel, Luis.
9 (RLIN) 55254
245 10 - MENCIÓN DEL TÍTULO
Título De la sociedad aristrocática a la sociedad industrial en la España del siglo XIX /
Mención de responsabilidad, etc. Luis G. San Miguel.
260 ## - PUBLICACIÓN, DISTRIBUCIÓN, ETC.
Lugar de publicación, distribución, etc. Madrid :
Nombre del editor, distribuidor, etc. Cuadernos para el Diálogo,
Fecha de publicación, distribución, etc. 1973.
300 ## - DESCRIPCIÓN FÍSICA
Extensión 266 p. ;
Dimensiones 18 cm.
490 1# - MENCIÓN DE SERIE
Mención de serie Divulgación universitaria. Historia ;
Designación de volumen o secuencia 57
650 #4 - PUNTO DE ACCESO ADICIONAL DE MATERIA--TÉRMINO DE MATERIA
Término de materia o nombre geográfico como elemento de entrada Asturianos-
Subdivisión general Pensamiento político.
9 (RLIN) 171762
651 #4 - PUNTO DE ACCESO ADICIONAL DE MATERIA--NOMBRE GEOGRÁFICO
Nombre geográfico Asturias (Comunidad Autónoma)-
Subdivisión general Situación social.
9 (RLIN) 171124
651 #4 - PUNTO DE ACCESO ADICIONAL DE MATERIA--NOMBRE GEOGRÁFICO
Nombre geográfico Asturias (Comunidad Autónoma)-
Subdivisión general Situación económica.
9 (RLIN) 171123
710 2# - ENTRADA AGREGADA--NOMBRE DE ENTIDAD CORPORATIVA
Nombre de entidad corporativa o nombre de jurisdicción como elemento de entrada Cuadernos para el Diálogo.
9 (RLIN) 3333
830 1# - PUNTO DE ACCESO ADICIONAL DE SERIE-TÍTULO UNIFORME
Título uniforme Divulgación universitaria. Historia ;
Designación de volumen o secuencia 57
9 (RLIN) 183300
852 ## - LOCALIZACIÓN
Ubicación ES-MaACL
Número de control de estantería E-8405
Holdings
Estatus retirado Estado de pérdida Estado de daño No para préstamo Biblioteca de origen Biblioteca actual Ubicación en estantería Fecha de adquisición Fuente de adquisición Total de préstamos Signatura topográfica completa Código de barras Visto por última vez Precio de reemplazo Tipo de ítem Koha
        Biblioteca del Ateneo de Madrid Biblioteca del Ateneo de Madrid Depósito 2 17/01/2008     E-8405 1073712 23/02/2023 23/02/2023 Libro impreso